López Pumarejo, en marcha hacia su revolución / (Registro nro. 30405)

Detalles MARC
000 -LEADER
fixed length control field 01001nam a2200253Ia 4500
003 - CONTROL NUMBER IDENTIFIER
control field CO-CtgCURN
005 - DATE AND TIME OF LATEST TRANSACTION
control field 20250410233335.0
008 - FIXED-LENGTH DATA ELEMENTS--GENERAL INFORMATION
fixed length control field 190726s2003 xx g 000 0 spa d
020 ## - INTERNATIONAL STANDARD BOOK NUMBER
International Standard Book Number 9589029655
040 ## - CATALOGING SOURCE
Original cataloging agency CO-CtgCURN
Language of cataloging spa
Transcribing agency coctgcurn
082 ## - DEWEY DECIMAL CLASSIFICATION NUMBER
Classification number 923.2
Item number A185
100 ## - MAIN ENTRY--PERSONAL NAME
Personal name Acosta Borrero, Pedro
9 (RLIN) 1421
245 #0 - TITLE STATEMENT
Title López Pumarejo, en marcha hacia su revolución /
Statement of responsibility, etc. Pedro Acosta Borrero
260 ## - PUBLICATION, DISTRIBUTION, ETC.
Place of publication, distribution, etc. Bogotá, Colombia :
Name of publisher, distributor, etc. Universidad Jorge Tadeo Lozano,
Date of publication, distribution, etc. 2003
300 ## - PHYSICAL DESCRIPTION
Extent 326 páginas ;
Dimensions 23 centímetros
521 ## - TARGET AUDIENCE NOTE
Target audience note AREA BASICA
590 ## - LOCAL NOTE (RLIN)
Local note Todos los programas acádemicos
600 ## - SUBJECT ADDED ENTRY--PERSONAL NAME
Personal name López Pumarejo, Alfonso
Dates associated with a name 1886-1959
General subdivision Presidente
Geographic subdivision Colombia
9 (RLIN) 1422
600 ## - SUBJECT ADDED ENTRY--PERSONAL NAME
Personal name López Pumarejo, Alfonso
Dates associated with a name 1886-1959
General subdivision Pensamiento político
Geographic subdivision Colombia
9 (RLIN) 1423
650 ## - SUBJECT ADDED ENTRY--TOPICAL TERM
Topical term or geographic name entry element Presidente
Form subdivision Biografías
Geographic subdivision Colombia
9 (RLIN) 1424
650 ## - SUBJECT ADDED ENTRY--TOPICAL TERM
Topical term or geographic name entry element Reformas constitucionales
Geographic subdivision Colombia
9 (RLIN) 1425
942 ## - ADDED ENTRY ELEMENTS (KOHA)
Koha item type Libros
Classification part 923.2
Item part A185
Source of classification or shelving scheme Dewey Decimal Classification
Suppress in OPAC No
Existencias
Withdrawn status Lost status Source of classification or shelving scheme Damaged status Not for loan Collection Home library Current library Shelving location Date acquired Inventory number Total checkouts Full call number Barcode Date last seen Copy number Price effective from Koha item type
    Dewey Decimal Classification       Miguel Henríquez Castañeda Barranquilla Miguel Henríquez Castañeda Barranquilla General 05/23/2018 03487   923.2 A185 03487 07/26/2019 ej.1 07/26/2019 Libros